| 000 | 00373 a2200133 4500 | ||
|---|---|---|---|
| 005 | 20250628052231.0 | ||
| 020 | _a978-0-19-838914-9 | ||
| 082 | _a363.7 RUT | ||
| 100 | _aRUTHERFORD, J | ||
| 245 | _aEnvironmental Systems and Societies | ||
| 260 |
_aNew York _bOxford University Press _c2009. |
||
| 300 |
_a376p.: ill.;figures, tables, pictures _bIndex _c27cm |
||
| 942 |
_2ddc _cBKS |
||
| 999 |
_c5795 _d5795 |
||